French in the Answers - Statistics

General Stats
  • This quiz has been taken 45,010 times
    18,458 since last reset
  • The average score is 12 of 18
Answer Stats
Hint Answer % Correct
Pommes frites French fries
95%
Romantic tongue exchange French kiss
94%
A baguette, for example French bread
90%
Orchestra instrument French horn
84%
Suriname's neighbor French Guiana
80%
When the guillotine saw heavy use French Revolution
79%
Popular breakfast item which the French call "pain perdu" French toast
66%
A person from Quebec is a ... French Canadian
65%
Coastal region which includes the cities of Nice and Cannes French Riviera
63%
Gift on the third day of Christmas French hens
61%
Roland Garros tournament French Open
59%
Coffee-making device French press
59%
Popular ice cream flavor French vanilla
56%
New Orleans neighborhood French Quarter
55%
Departing a party without saying goodbye to the host French exit
43%
1971 Gene Hackman movie set in Marseille and New York The French Connection
39%
Moroccan rapper who has a U.S. state in his name French Montana
31%
Roast beef sandwich, served au jus French dip
29%
No matching quizzes found
Score Distribution
Percent of People with Each Score
Percentile by Number Answered
Your Score History
You have not taken this quiz since the last reset